Constitutional contours of the right to speedy trial and the judicial response (Record no. 125806)

MARC details
000 -LEADER
fixed length control field 00385nam a2200145Ia 4500
008 - FIXED-LENGTH DATA ELEMENTS--GENERAL INFORMATION
fixed length control field 230917s9999||||xx |||||||||||||| ||und||
040 ## - CATALOGING SOURCE
-- 207063
Original cataloging agency VIVEKANANDA LIBRARY
041 ## - Language
-- English
082 ## - DDC NUMBER
Classification number 340 S97C
100 ## - MAIN ENTRY--PERSONAL NAME
Personal name Shyamala, A S
245 #0 - TITLE STATEMENT
Title Constitutional contours of the right to speedy trial and the judicial response
260 ## - PUBLICATION, DISTRIBUTION, ETC. (IMPRINT)
Place of publication, distribution, etc Visakhapatnam
300 ## - PHYSICAL DESCRIPTION
Pages 309 p.
942 ## - ADDED ENTRY ELEMENTS (KOHA)
Koha item type Thesis
Holdings
Withdrawn status Lost status Damaged status Not for loan Location (home branch) Sublocation or collection (holding branch) Date acquired Koha issues (times borrowed) Koha full call number Accession No. Koha date last seen Koha item type
        VIVEKANANDA LIBRARY VIVEKANANDA LIBRARY 31/05/2013   340 S97C 221773 17/09/2023 Thesis
© Designed and Maintained by Vivekananda Library, MDU Rohtak